За что дали "Глобальную энергию"; Химия и жизнь - XXI век; № 10

Detaylı Bibliyografya
Parent link:Химия и жизнь - XXI век: научно-популярный журнал/ ИнформНаука.— , 1996-
№ 10.— 2003.— С. 8-10
Yazar: Намер Л.
Dil:Rusça
Baskı/Yayın Bilgisi: 2003
Seri Bilgileri:Проблемы и методы науки
Konular:
Materyal Türü: Kitap Bölümü
KOHA link:https://koha.lib.tpu.ru/cgi-bin/koha/opac-detail.pl?biblionumber=389244

MARC

LEADER 00000naa2a2200000 4500
001 389244
005 20231101063836.0
035 |a (RuTPU)RU\TPU\prd\21162 
090 |a 389244 
100 |a 20040113a2003 k y0rusy50 ca 
101 0 |a rus 
102 |a RU 
200 1 |a За что дали "Глобальную энергию"  |f Л. Намер 
225 1 |a Проблемы и методы науки 
461 1 |0 (RuTPU)RU\TPU\prd\1643  |t Химия и жизнь - XXI век  |o научно-популярный журнал  |f ИнформНаука  |d 1996- 
463 1 |0 (RuTPU)RU\TPU\prd\20283  |t № 10  |v С. 8-10  |d 2003 
610 1 |a энергия 
610 1 |a глобальная энергия 
610 1 |a взрывная эмиссия 
610 1 |a тиристоры 
610 1 |a высоковольтная техника 
610 1 |a премии 
700 1 |a Намер  |b Л. 
801 1 |a RU  |b 63413507  |c 20040113  |g PSBO 
801 2 |a RU  |b 63413507  |c 20120903  |g RCR 
942 |c BK